000 00836nam a2200277 i 4500
003 CO-BoRNBP
005 20240729114454.0
007 ta
008 240729s2008 mx a|||| |||| 00| 0 spa d
020 _a9789681686208
040 _aCO-BoRNBP
_bspa
_cCO-BoRNBP
_drda
041 _aspa
084 _aC ZEP1
100 _aZepeda, Monique
_eautor
_934412
245 1 _aKassunguila
_cTexto e ilustraciones, Monique Zepeda
250 _aPrimera edición
264 1 _aMéxico
_bFondo de Cultura Económica
_c2008
264 4 _c©2008
300 _a48 páginas
_bilustraciones a color
_c23 x 16cm
336 _2rdacontent
_atexto
_btxt
337 _2rdamedia
_asin mediación
_bn
338 _2rdacarrier
_avolumen
_bnc
650 1 7 _2LEMB
_aLiteratura infantil
_92746
650 1 7 _2LEMB
_aCuento infantil mexicano
_941843
942 _2ddc
_cBKINF
999 _c38243
_d38243